Winslow homer and the critics : (Record no. 15173)
[ view plain ]
| 000 -LEADER | |
|---|---|
| fixed length control field | 00743nam a22001937a 4500 |
| 008 - FIXED-LENGTH DATA ELEMENTS--GENERAL INFORMATION | |
| fixed length control field | 161026b xxu||||| |||| 00| 0 eng d |
| 020 ## - INTERNATIONAL STANDARD BOOK NUMBER | |
| International Standard Book Number | 0691070997 |
| 020 ## - INTERNATIONAL STANDARD BOOK NUMBER | |
| International Standard Book Number | 0691074305 |
| 050 ## - LIBRARY OF CONGRESS CALL NUMBER | |
| Classification number | ND 237 .H7A4 2001 |
| 100 ## - MAIN ENTRY--PERSONAL NAME | |
| Personal name | Contrads, Margaret C. |
| 245 ## - TITLE STATEMENT | |
| Title | Winslow homer and the critics : |
| Remainder of title | forging a national art in the 1870s/ |
| 260 ## - PUBLICATION, DISTRIBUTION, ETC. (IMPRINT) | |
| Place of publication, distribution, etc. | Antlanta : |
| Name of publisher, distributor, etc. | Princeton University Press, |
| Date of publication, distribution, etc. | 2001. |
| 300 ## - PHYSICAL DESCRIPTION | |
| Extent | xi, 252p. : |
| Other physical details | ill. ; |
| Dimensions | 30cm. |
| 500 ## - GENERAL NOTE | |
| General note | Includes bibliography and index. |
| 650 ## - SUBJECT ADDED ENTRY--TOPICAL TERM | |
| Topical term or geographic name as entry element | Homer, Winslow, 1836-1910 |
| General subdivision | exhibitions. |
| 650 ## - SUBJECT ADDED ENTRY--TOPICAL TERM | |
| Topical term or geographic name as entry element | Homer, Winslow, 1836-1910 |
| General subdivision | criticism and interpretation. |
| 650 ## - SUBJECT ADDED ENTRY--TOPICAL TERM | |
| Topical term or geographic name as entry element | Art criticism |
| General subdivision | United States |
| Chronological subdivision | history |
| Geographic subdivision | 19th century. |
| 942 ## - ADDED ENTRY ELEMENTS (KOHA) | |
| Source of classification or shelving scheme | |
| Koha item type | Hard Covered Materials |
| Classification part | ND 237 .H7A4 2001 |
| Withdrawn status | Lost status | Source of classification or shelving scheme | Damaged status | Not for loan | Home library | Current library | Shelving location | Date acquired | Source of acquisition | Total Checkouts | Full call number | Barcode | Date last seen | Price effective from | Koha item type |
|---|---|---|---|---|---|---|---|---|---|---|---|---|---|---|---|
| MACHAKOS UNIVERSITY LIBRARY | MACHAKOS UNIVERSITY LIBRARY | Open shelf | 26/10/2016 | Donation(BFA) | ND 237 .H7A4 2001 | 27146 | 26/10/2016 | 26/10/2016 | Hard Covered Materials |